New Orleans Saints Starting Super Bowl Roster - Statistics

General Stats
  • This quiz has been taken 9 times
  • The average score is 20 of 28
Answer Stats
# Position Answer % Correct
42 FS Darren Sharper
100%
9 QB Drew Brees
100%
88 TE Jeremy Shockey
100%
12 WR Marques Colston
100%
23 RB Pierre Thomas
100%
41 SS Roman Harper
100%
HC Sean Payton
100%
22 CB Tracy Porter
100%
19 WR Devery Henderson
88%
5 K Garrett Hartley
88%
51 MLB Jonathan Vilma
88%
25 RB Reggie Bush
88%
55 LOLB Scott Fujita
88%
6 P Thomas Morstead
88%
91 RE Will Smith
88%
32 CB Jabari Greer
75%
74 LT Jermon Bushrod
75%
DC Gregg Williams
63%
73 RG Jahri Evans
63%
OC Pete Carmichael
50%
77 LG Carl Nicks
38%
98 DT Sedrick Ellis
38%
93 LE Bobby McCray
25%
76 C Jonathan Goodwin
25%
78 RT Jon Stinchcomb
25%
50 MLB Marvin Mitchell
25%
58 ROLB Scott Shanle
25%
57 LS Jason Kyle
13%
No matching quizzes found
Score Distribution
Percent of People with Each Score
Percentile by Number Answered
Your Score History
You have not taken this quiz